[Event "April 9 Late 2024"]
[Site "Chess.com"]
[Date "2024.04.09"]
[Round "9"]
[White "Badacsonyi, Stanley"]
[Black "Salinas Herrera, Pablo"]
[Result "0-1"]
[Board "45"]
[WhiteFideId "486973"]
[BlackFideId "3407128"]
[WhiteTitle "CM"]
[BlackTitle "GM"]
[WhiteElo "2585"]
[BlackElo "2878"]
[WhiteTeam "ENG"]
[BlackTeam "CHI"]
[WhiteClock "0:00:30"]
[BlackClock "0:00:24"]
[Variant "Standard"]

1. d4 {[%clk 0:03:00]}  d5 {[%clk 0:02:59]} 2. Nc3 {[%clk 0:03:01]}  Bf5 {[%clk 0:02:58]} 3. Bf4 {[%clk 0:03:01]}  e6 {[%clk 0:02:57]} 4. e3 {[%clk 0:03:01]}  h6 {[%clk 0:02:57]} 5. Nf3 {[%clk 0:03:00]}  Bd6 {[%clk 0:02:56]} 6. Ne5 {[%clk 0:03:00]}  Nd7 {[%clk 0:02:56]} 7. Bd3 {[%clk 0:02:59]}  Bxd3 {[%clk 0:02:54]} 8. Nxd3 {[%clk 0:02:57]}  Ne7 {[%clk 0:02:53]} 9. Bxd6 {[%clk 0:02:56]}  cxd6 {[%clk 0:02:53]} 10. Qg4 {[%clk 0:02:57]}  O-O {[%clk 0:02:52]} 11. O-O {[%clk 0:02:54]}  Rc8 {[%clk 0:02:52]} 12. Qe2 {[%clk 0:02:52]}  Nf6 {[%clk 0:02:50]} 13. f3 {[%clk 0:02:51]}  Qb6 {[%clk 0:02:49]} 14. Rab1 {[%clk 0:02:49]}  a6 {[%clk 0:02:46]} 15. Qf2 {[%clk 0:02:49]}  Rc4 {[%clk 0:02:46]} 16. Rfd1 {[%clk 0:02:45]}  Rfc8 {[%clk 0:02:45]} 17. Ne1 {[%clk 0:02:38]}  Qd8 {[%clk 0:02:39]} 18. Ne2 {[%clk 0:02:37]}  b5 {[%clk 0:02:39]} 19. c3 {[%clk 0:02:37]}  a5 {[%clk 0:02:32]} 20. Nd3 {[%clk 0:02:37]}  Qb6 {[%clk 0:02:30]} 21. a3 {[%clk 0:02:33]}  Qb7 {[%clk 0:02:28]} 22. Rdc1 {[%clk 0:02:33]}  R4c7 {[%clk 0:02:27]} 23. h3 {[%clk 0:02:28]}  Nd7 {[%clk 0:02:27]} 24. Qg3 {[%clk 0:02:27]}  Nb6 {[%clk 0:02:26]} 25. Qxd6 {[%clk 0:02:26]}  Nc4 {[%clk 0:02:13]} 26. Qf4 {[%clk 0:02:24]}  Ng6 {[%clk 0:02:10]} 27. Qg3 {[%clk 0:02:15]}  Nxe3 {[%clk 0:02:11]} 28. Nef4 {[%clk 0:02:14]}  Nxf4 {[%clk 0:02:07]} 29. Qxf4 {[%clk 0:02:14]}  Nc4 {[%clk 0:02:06]} 30. Nc5 {[%clk 0:02:12]}  Qb6 {[%clk 0:02:02]} 31. b4 {[%clk 0:02:04]}  Nxa3 {[%clk 0:01:59]} 32. Ra1 {[%clk 0:02:03]}  axb4 {[%clk 0:01:56]} 33. cxb4 {[%clk 0:02:04]}  Nc4 {[%clk 0:01:56]} 34. Ra6 {[%clk 0:01:58]}  Qb8 {[%clk 0:01:56]} 35. Rca1 {[%clk 0:01:58]}  Re7 {[%clk 0:01:48]} 36. Qh4 {[%clk 0:01:48]}  Qc7 {[%clk 0:01:24]} 37. Qg4 {[%clk 0:01:27]}  Rce8 {[%clk 0:01:11]} 38. h4 {[%clk 0:01:16]}  Ne3 {[%clk 0:01:10]} 39. Qh5 {[%clk 0:01:13]}  Qg3 {[%clk 0:01:06]} 40. R6a2 {[%clk 0:01:12]}  Nf5 {[%clk 0:01:06]} 41. Rd2 {[%clk 0:01:05]}  Qf4 {[%clk 0:01:00]} 42. Rad1 {[%clk 0:01:04]}  Ra8 {[%clk 0:00:47]} 43. Re2 {[%clk 0:00:57]}  Ng3 {[%clk 0:00:41]} 44. Qe5 {[%clk 0:00:53]}  Nxe2+ {[%clk 0:00:41]} 45. Qxe2 {[%clk 0:00:54]}  Rea7 {[%clk 0:00:40]} 46. Qxb5 {[%clk 0:00:53]}  Ra1 {[%clk 0:00:38]} 47. Qd3 {[%clk 0:00:43]}  Rxd1+ {[%clk 0:00:37]} 48. Qxd1 {[%clk 0:00:44]}  Ra2 {[%clk 0:00:25]} 49. b5 {[%clk 0:00:34]}  Qxh4 {[%clk 0:00:25]} 50. b6 {[%clk 0:00:30]}  Qf2+ {[%clk 0:00:24]} 0-1

[Event "April 9 Late 2024"]
[Site "Chess.com"]
[Date "2024.04.09"]
[Round "9"]
[White "Lin, Bryan Enming"]
[Black "Romanchuk, Viktor"]
[Result "1/2-1/2"]
[Board "48"]
[WhiteFideId "30987121"]
[BlackFideId "14109271"]
[BlackTitle "FM"]
[WhiteElo "2689"]
[BlackElo "2555"]
[WhiteTeam "USA"]
[BlackTeam "UKR"]
[WhiteClock "0:00:32"]
[BlackClock "0:00:19"]
[Variant "Standard"]

1. e4 {[%clk 0:03:00]}  e6 {[%clk 0:02:56]} 2. d4 {[%clk 0:03:00]}  d5 {[%clk 0:02:56]} 3. Nd2 {[%clk 0:03:01]}  dxe4 {[%clk 0:02:57]} 4. Nxe4 {[%clk 0:03:02]}  Nd7 {[%clk 0:02:57]} 5. Nf3 {[%clk 0:03:02]}  Ngf6 {[%clk 0:02:58]} 6. Nxf6+ {[%clk 0:03:01]}  Nxf6 {[%clk 0:02:59]} 7. c3 {[%clk 0:03:02]}  c5 {[%clk 0:02:58]} 8. Bb5+ {[%clk 0:03:01]}  Bd7 {[%clk 0:02:58]} 9. Qa4 {[%clk 0:03:00]}  a6 {[%clk 0:02:51]} 10. Bxd7+ {[%clk 0:02:57]}  Qxd7 {[%clk 0:02:52]} 11. Qxd7+ {[%clk 0:02:56]}  Nxd7 {[%clk 0:02:53]} 12. O-O {[%clk 0:02:56]}  Be7 {[%clk 0:02:45]} 13. dxc5 {[%clk 0:02:52]}  Bxc5 {[%clk 0:02:42]} 14. Bf4 {[%clk 0:02:52]}  Ke7 {[%clk 0:02:41]} 15. Rad1 {[%clk 0:02:50]}  a5 {[%clk 0:02:37]} 16. Rfe1 {[%clk 0:02:41]}  Rhd8 {[%clk 0:02:28]} 17. Bc7 {[%clk 0:02:40]}  Rdc8 {[%clk 0:02:28]} 18. Bf4 {[%clk 0:02:41]}  Rd8 {[%clk 0:02:28]} 19. Bc7 {[%clk 0:02:42]}  Rdc8 {[%clk 0:02:28]} 20. Bg3 {[%clk 0:02:41]}  Rd8 {[%clk 0:02:28]} 21. h4 {[%clk 0:02:38]}  Nf6 {[%clk 0:02:19]} 22. Be5 {[%clk 0:02:24]}  Rxd1 {[%clk 0:02:14]} 23. Rxd1 {[%clk 0:02:24]}  Ne4 {[%clk 0:02:08]} 24. Bd4 {[%clk 0:02:24]}  Rd8 {[%clk 0:01:59]} 25. Re1 {[%clk 0:02:22]}  Bxd4 {[%clk 0:01:55]} 26. Nxd4 {[%clk 0:02:22]}  Nd2 {[%clk 0:01:47]} 27. Re5 {[%clk 0:02:19]}  Nc4 {[%clk 0:01:41]} 28. Rb5 {[%clk 0:02:19]}  Rd7 {[%clk 0:01:30]} 29. b3 {[%clk 0:02:17]}  Nd6 {[%clk 0:01:30]} 30. Rxa5 {[%clk 0:02:12]}  Rc7 {[%clk 0:01:27]} 31. c4 {[%clk 0:02:11]}  Rd7 {[%clk 0:01:27]} 32. Nf3 {[%clk 0:02:10]}  f6 {[%clk 0:01:24]} 33. Kf1 {[%clk 0:02:05]}  Ne4 {[%clk 0:01:18]} 34. Ke2 {[%clk 0:02:04]}  Nc3+ {[%clk 0:01:15]} 35. Ke3 {[%clk 0:02:03]}  Nd1+ {[%clk 0:01:15]} 36. Ke2 {[%clk 0:01:58]}  Nc3+ {[%clk 0:01:15]} 37. Kf1 {[%clk 0:01:57]}  Ne4 {[%clk 0:00:56]} 38. g3 {[%clk 0:01:45]}  e5 {[%clk 0:00:44]} 39. h5 {[%clk 0:01:35]}  Ke6 {[%clk 0:00:41]} 40. Kg2 {[%clk 0:01:33]}  g6 {[%clk 0:00:41]} 41. hxg6 {[%clk 0:01:30]}  hxg6 {[%clk 0:00:42]} 42. Ra8 {[%clk 0:01:30]}  Nd2 {[%clk 0:00:40]} 43. c5 {[%clk 0:01:21]}  e4 {[%clk 0:00:36]} 44. Ne1 {[%clk 0:01:07]}  Nb1 {[%clk 0:00:30]} 45. Nc2 {[%clk 0:01:04]}  Nc3 {[%clk 0:00:26]} 46. Ne3 {[%clk 0:00:56]}  f5 {[%clk 0:00:25]} 47. a4 {[%clk 0:00:53]}  g5 {[%clk 0:00:25]} 48. Re8+ {[%clk 0:00:50]}  Kf7 {[%clk 0:00:24]} 49. Re5 {[%clk 0:00:50]}  f4 {[%clk 0:00:21]} 50. gxf4 {[%clk 0:00:51]}  gxf4 {[%clk 0:00:22]} 51. Rf5+ {[%clk 0:00:52]}  Ke6 {[%clk 0:00:22]} 52. Rxf4 {[%clk 0:00:53]}  Rd3 {[%clk 0:00:16]} 53. b4 {[%clk 0:00:50]}  Rd4 {[%clk 0:00:16]} 54. Nc2 {[%clk 0:00:39]}  Rd2 {[%clk 0:00:14]} 55. Na3 {[%clk 0:00:31]}  e3 {[%clk 0:00:13]} 56. Rf3 {[%clk 0:00:17]}  Rxf2+ {[%clk 0:00:13]} 57. Rxf2 {[%clk 0:00:17]}  exf2 {[%clk 0:00:14]} 58. Kxf2 {[%clk 0:00:18]}  Nxa4 {[%clk 0:00:14]} 59. Ke3 {[%clk 0:00:18]}  b6 {[%clk 0:00:12]} 60. c6 {[%clk 0:00:18]}  Kd6 {[%clk 0:00:12]} 61. b5 {[%clk 0:00:18]}  Nc3 {[%clk 0:00:11]} 62. Nc4+ {[%clk 0:00:15]}  Kc7 {[%clk 0:00:10]} 63. Na3 {[%clk 0:00:15]}  Nxb5 {[%clk 0:00:10]} 64. Nxb5+ {[%clk 0:00:15]}  Kxc6 {[%clk 0:00:11]} 65. Nc3 {[%clk 0:00:16]}  Kc5 {[%clk 0:00:11]} 66. Nb1 {[%clk 0:00:17]}  Kc4 {[%clk 0:00:12]} 67. Kd2 {[%clk 0:00:18]}  b5 {[%clk 0:00:12]} 68. Kc2 {[%clk 0:00:19]}  b4 {[%clk 0:00:13]} 69. Kb2 {[%clk 0:00:20]}  b3 {[%clk 0:00:13]} 70. Nd2+ {[%clk 0:00:20]}  Kd3 {[%clk 0:00:14]} 71. Nf3 {[%clk 0:00:21]}  Ke3 {[%clk 0:00:14]} 72. Ng5 {[%clk 0:00:22]}  Kf4 {[%clk 0:00:14]} 73. Nh7 {[%clk 0:00:23]}  Kf5 {[%clk 0:00:15]} 74. Nf8 {[%clk 0:00:24]}  Ke5 {[%clk 0:00:14]} 75. Nd7+ {[%clk 0:00:25]}  Kd6 {[%clk 0:00:15]} 76. Nb8 {[%clk 0:00:26]}  Kc5 {[%clk 0:00:15]} 77. Nd7+ {[%clk 0:00:26]}  Kd6 {[%clk 0:00:16]} 78. Nf8 {[%clk 0:00:27]}  Kd5 {[%clk 0:00:16]} 79. Nh7 {[%clk 0:00:28]}  Ke6 {[%clk 0:00:17]} 80. Ng5+ {[%clk 0:00:29]}  Ke5 {[%clk 0:00:18]} 81. Nh3 {[%clk 0:00:30]}  Kf5 {[%clk 0:00:18]} 82. Ng1 {[%clk 0:00:30]}  Kf4 {[%clk 0:00:19]} 83. Ne2+ {[%clk 0:00:31]}  Ke4 {[%clk 0:00:20]} 84. Nf4 {[%clk 0:00:32]}  Kxf4 {[%clk 0:00:19]} 85. Kxb3 {[%clk 0:00:32]} 1/2-1/2

[Event "April 9 Late 2024"]
[Site "Chess.com"]
[Date "2024.04.09"]
[Round "9"]
[White "Kalavannan, Koby"]
[Black "Silva Lucena, Cristian"]
[Result "0-1"]
[Board "50"]
[WhiteFideId "425753"]
[BlackFideId "2232588"]
[WhiteTitle "FM"]
[BlackTitle "FM"]
[WhiteElo "2644"]
[BlackElo "2526"]
[WhiteTeam "ENG"]
[BlackTeam "ESP"]
[WhiteClock "0:00:00"]
[BlackClock "0:00:40"]
[Variant "Standard"]

1. d4 {[%clk 0:03:00]}  Nf6 {[%clk 0:02:59]} 2. c4 {[%clk 0:03:01]}  d6 {[%clk 0:02:59]} 3. Nc3 {[%clk 0:03:00]}  Bf5 {[%clk 0:03:00]} 4. f3 {[%clk 0:02:58]}  e5 {[%clk 0:02:59]} 5. e4 {[%clk 0:02:58]}  exd4 {[%clk 0:02:59]} 6. Qxd4 {[%clk 0:02:58]}  Nc6 {[%clk 0:02:59]} 7. Qf2 {[%clk 0:02:58]}  Be6 {[%clk 0:03:00]} 8. Be3 {[%clk 0:02:56]}  g6 {[%clk 0:03:00]} 9. Nd5 {[%clk 0:02:54]}  Bg7 {[%clk 0:02:53]} 10. Bg5 {[%clk 0:02:50]}  O-O {[%clk 0:02:47]} 11. Qh4 {[%clk 0:02:49]}  Bxd5 {[%clk 0:02:45]} 12. cxd5 {[%clk 0:02:46]}  Nb8 {[%clk 0:02:45]} 13. Ne2 {[%clk 0:02:34]}  c6 {[%clk 0:02:42]} 14. Nc3 {[%clk 0:02:32]}  Nbd7 {[%clk 0:02:42]} 15. dxc6 {[%clk 0:02:29]}  bxc6 {[%clk 0:02:42]} 16. O-O-O {[%clk 0:02:25]}  Qc7 {[%clk 0:02:40]} 17. Bc4 {[%clk 0:02:17]}  Rab8 {[%clk 0:02:38]} 18. Bb3 {[%clk 0:02:15]}  Rb4 {[%clk 0:02:32]} 19. Rd2 {[%clk 0:02:14]}  Rfb8 {[%clk 0:02:31]} 20. Rhd1 {[%clk 0:02:03]}  Ne8 {[%clk 0:02:31]} 21. Rc2 {[%clk 0:01:51]}  Qa5 {[%clk 0:02:26]} 22. Bd2 {[%clk 0:01:36]}  Qa6 {[%clk 0:02:26]} 23. Nb1 {[%clk 0:01:28]}  Rd4 {[%clk 0:02:18]} 24. Qf2 {[%clk 0:01:20]}  Nc5 {[%clk 0:02:13]} 25. Bc3 {[%clk 0:00:52]}  Rxd1+ {[%clk 0:01:55]} 26. Kxd1 {[%clk 0:00:52]}  Qd3+ {[%clk 0:01:47]} 27. Nd2 {[%clk 0:00:40]}  Nxb3 {[%clk 0:01:40]} 28. axb3 {[%clk 0:00:41]}  Rxb3 {[%clk 0:01:37]} 29. Bxg7 {[%clk 0:00:39]}  Kxg7 {[%clk 0:01:29]} 30. Qxa7 {[%clk 0:00:38]}  Rb4 {[%clk 0:01:14]} 31. Qd7 {[%clk 0:00:35]}  Rd4 {[%clk 0:01:11]} 32. Kc1 {[%clk 0:00:34]}  Nf6 {[%clk 0:01:08]} 33. Qxc6 {[%clk 0:00:31]}  Qe2 {[%clk 0:01:07]} 34. Kb1 {[%clk 0:00:10]}  Qd1+ {[%clk 0:01:07]} 35. Ka2 {[%clk 0:00:07]}  Rxd2 {[%clk 0:01:07]} 36. Rxd2 {[%clk 0:00:07]}  Qxd2 {[%clk 0:01:08]} 37. Qc3 {[%clk 0:00:06]}  Qxc3 {[%clk 0:01:07]} 38. bxc3 {[%clk 0:00:07]}  Nd7 {[%clk 0:01:07]} 39. Kb3 {[%clk 0:00:07]}  Kf6 {[%clk 0:01:08]} 40. Kc4 {[%clk 0:00:05]}  Ke5 {[%clk 0:01:08]} 41. g3 {[%clk 0:00:06]}  g5 {[%clk 0:01:08]} 42. Kd3 {[%clk 0:00:06]}  Nc5+ {[%clk 0:01:06]} 43. Ke3 {[%clk 0:00:06]}  Ne6 {[%clk 0:01:07]} 44. Kd3 {[%clk 0:00:02]}  h5 {[%clk 0:01:06]} 45. Ke3 {[%clk 0:00:03]}  d5 {[%clk 0:01:04]} 46. exd5 {[%clk 0:00:02]}  Kxd5 {[%clk 0:01:05]} 47. f4 {[%clk 0:00:03]}  gxf4+ {[%clk 0:01:05]} 48. gxf4 {[%clk 0:00:03]}  Ng7 {[%clk 0:01:04]} 49. f5 {[%clk 0:00:03]}  Nxf5+ {[%clk 0:01:03]} 50. Kf4 {[%clk 0:00:04]}  Nd6 {[%clk 0:00:57]} 51. Kg5 {[%clk 0:00:04]}  Ne4+ {[%clk 0:00:57]} 52. Kxh5 {[%clk 0:00:04]}  Nxc3 {[%clk 0:00:57]} 53. Kg5 {[%clk 0:00:04]}  Ne4+ {[%clk 0:00:56]} 54. Kf5 {[%clk 0:00:04]}  Nd6+ {[%clk 0:00:53]} 55. Kf6 {[%clk 0:00:04]}  Kc6 {[%clk 0:00:50]} 56. h4 {[%clk 0:00:05]}  Kd7 {[%clk 0:00:48]} 57. h5 {[%clk 0:00:05]}  Ke8 {[%clk 0:00:49]} 58. h6 {[%clk 0:00:05]}  Ne4+ {[%clk 0:00:48]} 59. Kg7 {[%clk 0:00:05]}  Ng5 {[%clk 0:00:45]} 60. Kf6 {[%clk 0:00:04]}  Nh7+ {[%clk 0:00:46]} 61. Kg7 {[%clk 0:00:05]}  Nf8 {[%clk 0:00:45]} 62. Kf6 {[%clk 0:00:05]}  Ng6 {[%clk 0:00:45]} 63. Kg7 {[%clk 0:00:05]}  Ke7 {[%clk 0:00:45]} 64. Kg8 {[%clk 0:00:05]}  Ke6 {[%clk 0:00:45]} 65. Kg7 {[%clk 0:00:05]}  Ke7 {[%clk 0:00:43]} 66. h7 {[%clk 0:00:05]}  Ke6 {[%clk 0:00:41]} 67. Kg8 {[%clk 0:00:00]}  Kf6 {[%clk 0:00:40]} 0-1

[Event "April 9 Late 2024"]
[Site "Chess.com"]
[Date "2024.04.09"]
[Round "9"]
[White "Zhizmer, Yuri"]
[Black "Kubicka, Anna"]
[Result "1-0"]
[Board "51"]
[WhiteFideId "14108852"]
[BlackFideId "1152254"]
[WhiteTitle "IM"]
[BlackTitle "WIM"]
[WhiteElo "2637"]
[BlackElo "2523"]
[WhiteTeam "ISR"]
[BlackTeam "POL"]
[WhiteClock "0:00:52"]
[BlackClock "0:00:00"]
[Variant "Standard"]

1. a3 {[%clk 0:02:56]}  g6 {[%clk 0:02:59]} 2. e4 {[%clk 0:02:54]}  Bg7 {[%clk 0:03:00]} 3. Nf3 {[%clk 0:02:52]}  c6 {[%clk 0:02:56]} 4. d4 {[%clk 0:02:39]}  d5 {[%clk 0:02:56]} 5. Nc3 {[%clk 0:02:39]}  dxe4 {[%clk 0:02:52]} 6. Nxe4 {[%clk 0:02:40]}  Nf6 {[%clk 0:02:52]} 7. Nxf6+ {[%clk 0:02:40]}  Bxf6 {[%clk 0:02:53]} 8. Be2 {[%clk 0:02:40]}  Bg4 {[%clk 0:02:52]} 9. c3 {[%clk 0:02:39]}  O-O {[%clk 0:02:49]} 10. O-O {[%clk 0:02:39]}  Nd7 {[%clk 0:02:45]} 11. h3 {[%clk 0:02:37]}  Be6 {[%clk 0:02:45]} 12. Bh6 {[%clk 0:02:34]}  Re8 {[%clk 0:02:40]} 13. Ng5 {[%clk 0:02:30]}  Bxg5 {[%clk 0:02:20]} 14. Bxg5 {[%clk 0:02:31]}  Nb6 {[%clk 0:02:18]} 15. Re1 {[%clk 0:02:28]}  Qd5 {[%clk 0:02:10]} 16. Bc1 {[%clk 0:02:19]}  Rad8 {[%clk 0:02:07]} 17. Bf3 {[%clk 0:02:18]}  Qb3 {[%clk 0:02:07]} 18. Qxb3 {[%clk 0:02:17]}  Bxb3 {[%clk 0:02:06]} 19. Bg5 {[%clk 0:02:16]}  f6 {[%clk 0:02:00]} 20. Bf4 {[%clk 0:02:16]}  Nc4 {[%clk 0:01:52]} 21. Re2 {[%clk 0:02:09]}  Kf7 {[%clk 0:01:33]} 22. Rae1 {[%clk 0:02:01]}  Nb6 {[%clk 0:01:02]} 23. Bc7 {[%clk 0:01:57]}  Rd7 {[%clk 0:00:58]} 24. Bxb6 {[%clk 0:01:56]}  axb6 {[%clk 0:00:59]} 25. Bg4 {[%clk 0:01:55]}  Rd6 {[%clk 0:00:54]} 26. f4 {[%clk 0:01:42]}  c5 {[%clk 0:00:50]} 27. dxc5 {[%clk 0:01:37]}  bxc5 {[%clk 0:00:50]} 28. Bf3 {[%clk 0:01:36]}  b6 {[%clk 0:00:46]} 29. h4 {[%clk 0:01:35]}  e6 {[%clk 0:00:39]} 30. Rf2 {[%clk 0:01:28]}  Red8 {[%clk 0:00:36]} 31. g3 {[%clk 0:01:23]}  Rd2 {[%clk 0:00:36]} 32. Rxd2 {[%clk 0:01:22]}  Rxd2 {[%clk 0:00:37]} 33. Re2 {[%clk 0:01:22]}  Rxe2 {[%clk 0:00:34]} 34. Bxe2 {[%clk 0:01:23]}  e5 {[%clk 0:00:31]} 35. fxe5 {[%clk 0:01:23]}  fxe5 {[%clk 0:00:32]} 36. Kf2 {[%clk 0:01:23]}  Ke6 {[%clk 0:00:32]} 37. Bg4+ {[%clk 0:01:22]}  Kd5 {[%clk 0:00:30]} 38. Ke3 {[%clk 0:01:22]}  Bc2 {[%clk 0:00:29]} 39. Bc8 {[%clk 0:01:17]}  Bf5 {[%clk 0:00:18]} 40. Bb7+ {[%clk 0:01:13]}  Kc4 {[%clk 0:00:16]} 41. Kd2 {[%clk 0:01:07]}  Kb3 {[%clk 0:00:16]} 42. Kc1 {[%clk 0:01:07]}  Kc4 {[%clk 0:00:17]} 43. Ba6+ {[%clk 0:01:01]}  Kd5 {[%clk 0:00:15]} 44. Kd2 {[%clk 0:00:58]}  e4 {[%clk 0:00:12]} 45. Ke3 {[%clk 0:00:56]}  Ke5 {[%clk 0:00:11]} 46. b4 {[%clk 0:00:55]}  cxb4 {[%clk 0:00:10]} 47. cxb4 {[%clk 0:00:54]}  h6 {[%clk 0:00:10]} 48. Bb7 {[%clk 0:00:53]}  g5 {[%clk 0:00:10]} 49. hxg5 {[%clk 0:00:53]}  hxg5 {[%clk 0:00:11]} 50. a4 {[%clk 0:00:53]}  Bd7 {[%clk 0:00:08]} 51. a5 {[%clk 0:00:52]}  bxa5 {[%clk 0:00:08]} 52. bxa5 {[%clk 0:00:53]}  Kf5 {[%clk 0:00:00]} 53. a6 {[%clk 0:00:52]} 1-0

[Event "April 9 Late 2024"]
[Site "Chess.com"]
[Date "2024.04.09"]
[Round "9"]
[White "Rangel, Daniel"]
[Black "Rogov, Matfey"]
[Result "0-1"]
[Board "52"]
[WhiteFideId "2124475"]
[BlackFideId "44191308"]
[WhiteTitle "FM"]
[BlackTitle "CM"]
[WhiteElo "2487"]
[BlackElo "2630"]
[WhiteTeam "BRA"]
[BlackTeam "RUS"]
[WhiteClock "0:00:01"]
[BlackClock "0:00:05"]
[Variant "Standard"]

1. d4 {[%clk 0:02:58]}  d5 {[%clk 0:02:50]} 2. Nf3 {[%clk 0:02:58]}  Nf6 {[%clk 0:02:50]} 3. Bf4 {[%clk 0:02:55]}  g6 {[%clk 0:02:46]} 4. e3 {[%clk 0:02:54]}  Bg7 {[%clk 0:02:47]} 5. Be2 {[%clk 0:02:54]}  O-O {[%clk 0:02:47]} 6. O-O {[%clk 0:02:54]}  c5 {[%clk 0:02:48]} 7. c3 {[%clk 0:02:54]}  Nc6 {[%clk 0:02:49]} 8. h3 {[%clk 0:02:53]}  Bf5 {[%clk 0:02:47]} 9. Nbd2 {[%clk 0:02:50]}  a6 {[%clk 0:02:44]} 10. Ne5 {[%clk 0:02:50]}  Nxe5 {[%clk 0:02:38]} 11. Bxe5 {[%clk 0:02:50]}  c4 {[%clk 0:02:32]} 12. Bxf6 {[%clk 0:02:25]}  Bxf6 {[%clk 0:02:30]} 13. Bg4 {[%clk 0:02:24]}  Bd3 {[%clk 0:02:27]} 14. Be2 {[%clk 0:02:23]}  Bf5 {[%clk 0:02:27]} 15. Bg4 {[%clk 0:02:22]}  Qd7 {[%clk 0:02:20]} 16. e4 {[%clk 0:02:10]}  dxe4 {[%clk 0:01:57]} 17. Nxe4 {[%clk 0:01:45]}  Bg7 {[%clk 0:01:55]} 18. Nc5 {[%clk 0:01:39]}  Qc8 {[%clk 0:01:53]} 19. Bxf5 {[%clk 0:01:28]}  Qxf5 {[%clk 0:01:53]} 20. Nxb7 {[%clk 0:01:22]}  Rab8 {[%clk 0:01:54]} 21. Nc5 {[%clk 0:01:16]}  Rxb2 {[%clk 0:01:53]} 22. Nxa6 {[%clk 0:01:15]}  e5 {[%clk 0:01:53]} 23. d5 {[%clk 0:00:44]}  e4 {[%clk 0:01:36]} 24. Nb4 {[%clk 0:00:39]}  Bxc3 {[%clk 0:01:34]} 25. Nc6 {[%clk 0:00:39]}  Qf4 {[%clk 0:01:09]} 26. Rc1 {[%clk 0:00:31]}  Rd2 {[%clk 0:01:02]} 27. Rxc3 {[%clk 0:00:24]}  Rxd1 {[%clk 0:01:02]} 28. Rxd1 {[%clk 0:00:25]}  Qd6 {[%clk 0:00:53]} 29. Rxc4 {[%clk 0:00:25]}  Re8 {[%clk 0:00:54]} 30. a4 {[%clk 0:00:19]}  e3 {[%clk 0:00:54]} 31. fxe3 {[%clk 0:00:20]}  Rxe3 {[%clk 0:00:55]} 32. a5 {[%clk 0:00:19]}  Re2 {[%clk 0:00:54]} 33. Rc3 {[%clk 0:00:14]}  Qf6 {[%clk 0:00:46]} 34. Rf3 {[%clk 0:00:12]}  Qg5 {[%clk 0:00:46]} 35. Rf2 {[%clk 0:00:10]}  Qe3 {[%clk 0:00:45]} 36. Rf1 {[%clk 0:00:10]}  Qc5 {[%clk 0:00:24]} 37. a6 {[%clk 0:00:01]}  Ra2 {[%clk 0:00:24]} 38. a7 {[%clk 0:00:02]}  Kg7 {[%clk 0:00:21]} 39. Kh2 {[%clk 0:00:02]}  Qd6+ {[%clk 0:00:17]} 40. Kh1 {[%clk 0:00:02]}  Ra3 {[%clk 0:00:08]} 41. Rxf7+ {[%clk 0:00:01]}  Kh6 {[%clk 0:00:08]} 42. R7f3 {[%clk 0:00:02]}  Ra2 {[%clk 0:00:06]} 43. R3f2 {[%clk 0:00:02]}  Ra3 {[%clk 0:00:06]} 44. Rf3 {[%clk 0:00:02]}  Ra4 {[%clk 0:00:07]} 45. Rf4 {[%clk 0:00:03]}  Ra6 {[%clk 0:00:06]} 46. Rf7 {[%clk 0:00:03]}  Qxd5 {[%clk 0:00:05]} 47. Rf8 {[%clk 0:00:02]}  Qxc6 {[%clk 0:00:04]} 48. R1f6 {[%clk 0:00:02]}  Qc1+ {[%clk 0:00:04]} 49. Kh2 {[%clk 0:00:02]}  Rxa7 {[%clk 0:00:04]} 50. Rf3 {[%clk 0:00:01]}  Qc7+ {[%clk 0:00:04]} 51. Rg3 {[%clk 0:00:01]}  Ra3 {[%clk 0:00:05]} 52. Rf3 {[%clk 0:00:02]}  Rxf3 {[%clk 0:00:05]} 53. gxf3 {[%clk 0:00:02]}  Qc2+ {[%clk 0:00:06]} 54. Kg1 {[%clk 0:00:03]}  Qf5 {[%clk 0:00:06]} 55. Kg2 {[%clk 0:00:03]}  Qf4 {[%clk 0:00:07]} 56. Rg4 {[%clk 0:00:04]}  Qd2+ {[%clk 0:00:08]} 57. Kg3 {[%clk 0:00:05]}  Qe2 {[%clk 0:00:06]} 58. Re4 {[%clk 0:00:06]}  Qf1 {[%clk 0:00:06]} 59. Kh4 {[%clk 0:00:05]}  Qg1 {[%clk 0:00:05]} 60. Rg4 {[%clk 0:00:05]}  g5+ {[%clk 0:00:04]} 61. Rxg5 {[%clk 0:00:01]}  Qxg5# {[%clk 0:00:05]} 0-1

[Event "April 9 Late 2024"]
[Site "Chess.com"]
[Date "2024.04.09"]
[Round "9"]
[White "Mazurkiewicz, Michal"]
[Black "Hajiyev, Kanan"]
[Result "0-1"]
[Board "53"]
[WhiteFideId "1124943"]
[BlackFideId "13404148"]
[WhiteTitle "CM"]
[BlackTitle "FM"]
[WhiteElo "2459"]
[BlackElo "2621"]
[WhiteTeam "POL"]
[BlackTeam "AZE"]
[WhiteClock "0:00:00"]
[BlackClock "0:00:50"]
[Variant "Standard"]

1. e4 {[%clk 0:02:57]}  c6 {[%clk 0:02:59]} 2. d3 {[%clk 0:02:57]}  d5 {[%clk 0:03:00]} 3. Nd2 {[%clk 0:02:57]}  a6 {[%clk 0:02:59]} 4. Ngf3 {[%clk 0:02:58]}  Bg4 {[%clk 0:02:59]} 5. h3 {[%clk 0:02:58]}  Bh5 {[%clk 0:02:58]} 6. g4 {[%clk 0:02:58]}  Bg6 {[%clk 0:02:58]} 7. Bg2 {[%clk 0:02:59]}  e6 {[%clk 0:02:58]} 8. O-O {[%clk 0:02:58]}  Nf6 {[%clk 0:02:58]} 9. Nh4 {[%clk 0:02:58]}  Bc5 {[%clk 0:02:48]} 10. c3 {[%clk 0:02:52]}  dxe4 {[%clk 0:02:45]} 11. Nxg6 {[%clk 0:02:50]}  hxg6 {[%clk 0:02:43]} 12. Nxe4 {[%clk 0:02:44]}  Nxe4 {[%clk 0:02:39]} 13. dxe4 {[%clk 0:02:45]}  Qh4 {[%clk 0:02:36]} 14. e5 {[%clk 0:02:33]}  Nd7 {[%clk 0:02:31]} 15. Bf4 {[%clk 0:02:30]}  g5 {[%clk 0:02:27]} 16. Bh2 {[%clk 0:02:30]}  O-O-O {[%clk 0:02:25]} 17. Qe2 {[%clk 0:02:26]}  Nf8 {[%clk 0:02:19]} 18. b4 {[%clk 0:02:20]}  Bb6 {[%clk 0:02:12]} 19. a4 {[%clk 0:02:21]}  Ng6 {[%clk 0:02:11]} 20. b5 {[%clk 0:01:58]}  Nf4 {[%clk 0:01:54]} 21. Bxf4 {[%clk 0:01:57]}  gxf4 {[%clk 0:01:55]} 22. bxc6 {[%clk 0:01:52]}  Qg3 {[%clk 0:01:23]} 23. Rab1 {[%clk 0:00:23]}  Rxh3 {[%clk 0:01:20]} 24. Rfd1 {[%clk 0:00:07]}  Rxd1+ {[%clk 0:01:09]} 25. Rxd1 {[%clk 0:00:04]}  Bxf2+ {[%clk 0:00:52]} 26. Qxf2 {[%clk 0:00:04]}  Rh1+ {[%clk 0:00:53]} 27. Kxh1 {[%clk 0:00:03]}  Qxf2 {[%clk 0:00:54]} 28. cxb7+ {[%clk 0:00:04]}  Kc7 {[%clk 0:00:52]} 29. Rd8 {[%clk 0:00:03]}  Qh4+ {[%clk 0:00:49]} 30. Kg1 {[%clk 0:00:00]}  Qxd8 {[%clk 0:00:50]} 0-1